000 00251nam a2200097Ia 4500
001 694763
005 20250826161939.0
008 250824s9999 xx 000 0 und d
245 0 _aŞAPKAM DOLU ÇİCEKLE
_cCEMAL SÜREYYA
260 _bYAPI KREDİ YAYINLARI
999 _c694763
_d694763